00351nam a2200145Ia 4500008004100000020001500041041001200056082001600068100001900084245004700103250001200150260002100162300000800183650001400191221030s9999 xx 000 0 und d a8120317/73 aEnglish a105.23bCal aS. E. Callihan 0aLearn HTML In A Weekendcby S. E. Callihan aRevised bPHIaDelhic2000 a409 aComputers